Southville International School and Colleges
Your cart is empty.
  • Cart
  • Lists
    Public lists Eva Luna New books Lux_list list_1
    Your lists Log in to create your own lists
  • Log in to your account
  • Your cookies
  • Search history
Southville International School and Colleges
  • Advanced search
  • Recent comments
  • Most popular
  • Libraries

Log in to your account

Log in with GOOGLE


If you do not have an external account, but do have a local account, you can still log in:

  1. Home
  2. MARC view: Home game:
Normal view MARC view ISBD view

Home game: (Record no. 288024)

[ view plain ]
MARC details
000 -LEADER
fixed length control field 00513nam a2200157Ia 4500
008 - FIXED-LENGTH DATA ELEMENTS--GENERAL INFORMATION
fixed length control field 150610s9999 xx 000 0 und d
020 ## - INTERNATIONAL STANDARD BOOK NUMBER
International Standard Book Number 9780393338096 (pbk.)
050 ## - LIBRARY OF CONGRESS CALL NUMBER
Classification number HQ756
Item number .L479 2009
100 ## - MAIN ENTRY--PERSONAL NAME
Personal name Lewis, Michael
245 ## - TITLE STATEMENT
Title Home game:
Remainder of title an accidental guide to fatherhood /
Statement of responsibility, etc Michael Lewis; photographs by Tabitha Soren.
250 ## - EDITION STATEMENT
Edition statement 1st ed.
260 ## - PUBLICATION, DISTRIBUTION, ETC. (IMPRINT)
Place of publication, distribution, etc New York :
Name of publisher, distributor, etc W.W Norton & Company Ltd.,
Date of publication, distribution, etc 2009.
300 ## - PHYSICAL DESCRIPTION
Extent 190pages ;
Dimensions 21 cm.
520 ## - SUMMARY, ETC.
Summary, etc Biography.
650 ## - SUBJECT ADDED ENTRY--TOPICAL TERM
Topical term or geographic name as entry element Fatherhood
General subdivision United States.
Holdings
Withdrawn status Lost status Damaged status Home library Current library Shelving location Date acquired Total Checkouts Full call number Barcode Date last seen Price effective from Koha item type
      Stonyhurst Southville International School (Batangas) Stonyhurst Southville International School (Batangas) High School Section 06/10/2015   HQ756 .L479 2009 US-1562 06/10/2015   Books

Home game:

APA

Lewis M., . (2009). Home game. New York: W.W Norton & Company Ltd.

Chicago

Lewis Michael, . 2009. Home game. New York: W.W Norton & Company Ltd.

Harvard

Lewis M., . (2009). Home game. New York: W.W Norton & Company Ltd.

MLA

Lewis Michael, . Home game. New York: W.W Norton & Company Ltd. 2009.

  • Place hold
  • Print
  • Cite
  • Add to your cart (remove)
  • Save record
    BIBTEX Dublin Core MARCXML MARC (non-Unicode/MARC-8) MARC (Unicode/UTF-8) MARC (Unicode/UTF-8, Standard) MODS (XML) RIS
  • More searches
    Search for this title in:
    Other Libraries (WorldCat) Other Databases (Google Scholar) Online Stores (Bookfinder.com) Open Library (openlibrary.org)

Exporting to Dublin Core...

SOUTHVILLE LIBRARY

Southville International School and Colleges Library

1281 Tropical Ave. Cor. Luxembourg St., BF Homes International, Las Pinas City

Tel. No. 8256374 / 252358 Loc. 117/146

Powered by Koha